Wordt geladen...
The Indian legal system
| Formaat: | Printed Book |
|---|---|
| Taal: | English |
| Gepubliceerd in: |
Bombay
N. M. Tripathi pvt. ltd.
1978
|
| Onderwerpen: |
| LEADER | 00507nam a22001457a 4500 | ||
|---|---|---|---|
| 003 | OSt | ||
| 008 | 100827t xxu||||| |||| 00| 0 eng d | ||
| 080 | |a 340.15(540) |b MIN | ||
| 245 | |a The Indian legal system |c edited by Joseph Minattur | ||
| 260 | |a Bombay |b N. M. Tripathi pvt. ltd. |c 1978 | ||
| 300 | |a 683p. | ||
| 653 | |a Legal system - India | ||
| 942 | |c BK |6 _ | ||
| 999 | |c 194964 |d 194964 | ||
| 952 | |0 0 |1 0 |4 0 |6 34015540_MIN |7 0 |9 250708 |a SLS |b SLS |d 2010-08-27 |l 2 |o 340.15(540) MIN |p SLS011347 |r 2019-10-09 |s 2019-08-19 |t 1 |w 2010-08-27 |y BK | ||